00765nam a2200157 a 450000500170000000800410001702000180005805000230007610000170009924500380011626000570015430000240021150000190023552003370025465000160059120140310183355.0121126s19uu xx 00 eng d a9780230252080 aQC 23 b.B828 2011 aBreach, Mark aFundamental maths /cMark Breach. aBasingstoke ; New York :bPalgrave Macmillan,c2011. axi, 380 p. c25 cm. aIncludes index aA short, accessible textbook for students who are entering HE or FE courses and need to re-visit and develop school maths and gain confidence in it. The author explains the maths clearly through words and examples, not just pages of sums, and makes sure students put past anxieties about maths or gaps in their knowledge behind them aMathematics